PANE QUE EXIJA POUSO IMEDIATO - Statistics

Estatísticas Gerais
  • Esse quiz foi jogado 320 vezes
  • A pontuação média é 5 de 7
Estatísticas das Respostas
Hint Resposta % Correto
1 Decidir se pousar na AFA ou não, pela altitude e tipo de pane
92%
3 Ligar os faróis de pouso
83%
2 Aproar o campo de aterragem mais próximo
75%
5 Se possível informar para Argos
67%
7 Se for pousar na AFA e tráfego impraticável, solicitar ÁREA LIVRE
64%
4 TDR 7700
64%
6 Se observar condição de pane em outra anv, informar ao piloto e ao Controle
53%
Nenhum quiz correspondente encontrado
Distribuição das Pontuações
Porcentagem de Pessoas com Cada Pontuação
Percentil de Números Respondidos
Sua Pontuação Histórica
Você não jogou esse quiz